Vplyv období covidu 19 na finančné výsledky podnikov v SR vo vybraných odvetviach bakalárska práca

Enregistré dans:
Détails bibliographiques
Auteur principal: Chrkavá, Klaudia
Collectivité auteur: Fakulta hospodárskej informatiky EU. Katedra účtovníctva a audítorstva
Autres auteurs: Tumpach, Miloš, 1970-
Format: Livre
Langue:slovaque
Publié: Bratislava 2023
Tags: Ajouter un tag
Pas de tags, Soyez le premier à ajouter un tag!

MARC

LEADER 00000nbm a2200000 4500
001 0294991
005 20240208130807.4
041 0 |a slo 
044 |a SK 
245 1 0 |a Vplyv období covidu 19 na finančné výsledky podnikov v SR vo vybraných odvetviach  |b bakalárska práca  |c Klaudia Chrkavá ; školiteľ: Miloš Tumpach 
264 1 |a Bratislava  |c 2023 
300 |a 87 s. 
100 1 |a Chrkavá, Klaudia 
700 1 |a Tumpach, Miloš, 1970- 
710 2 |a Fakulta hospodárskej informatiky EU. Katedra účtovníctva a audítorstva